00587nam a2200181Ia 450000500170000000800410001702000180005804000180007604100080009408200220010210000210012424500720014525000120021726000660022930000280029565000420032365000400036520250303121749.0210716s2007 xx 000 0 und d a9780070635869 cAIMIT LIBRARY aeng a658.406 21bSHAR aSharma, Radha R. aChange management:bconcepts and applications /cBy Radha R Sharma. a1st ed. aNew Delhi :bTata McGraw Hill Publishing Company Ltd ;c2007. axvi,272p. ;bPBc22 cm. aPerspectives on organisational change aResistance to organisational change